Business environment : (Record no. 203326)
[ view plain ]
| 000 -LEADER | |
|---|---|
| fixed length control field | 00697nam a2200217Ia 4500 |
| 005 - DATE AND TIME OF LATEST TRANSACTION | |
| control field | 20220315160535.0 |
| 008 - FIXED-LENGTH DATA ELEMENTS--GENERAL INFORMATION | |
| fixed length control field | 210716s2003 xx 000 0 und d |
| 040 ## - CATALOGING SOURCE | |
| Transcribing agency | AIMIT LIBRARY |
| 041 ## - LANGUAGE CODE | |
| Language code of text/sound track or separate title | eng |
| 082 ## - DEWEY DECIMAL CLASSIFICATION NUMBER | |
| Classification number | 382.1 |
| Edition number | 18 |
| Item number | CHEF |
| 100 ## - MAIN ENTRY--PERSONAL NAME | |
| Personal name | Cherunilam, Francis. |
| 9 (RLIN) | 23771 |
| 245 ## - TITLE STATEMENT | |
| Title | Business environment : |
| Remainder of title | text and cases / |
| Statement of responsibility, etc. | by Francis Cherunilam. |
| 250 ## - EDITION STATEMENT | |
| Edition statement | 18 th |
| 260 ## - PUBLICATION, DISTRIBUTION, ETC. | |
| Place of publication, distribution, etc. | New Delhi : |
| Name of publisher, distributor, etc. | Himalaya Publishing House , |
| Date of publication, distribution, etc. | 2003. |
| 300 ## - PHYSICAL DESCRIPTION | |
| Extent | xiv,776 p.; |
| Dimensions | 27.5 cm. |
| 650 ## - SUBJECT ADDED ENTRY--TOPICAL TERM | |
| Topical term or geographic name entry element | Economic planning and development |
| 9 (RLIN) | 23772 |
| 650 ## - SUBJECT ADDED ENTRY--TOPICAL TERM | |
| Topical term or geographic name entry element | Global environment |
| 9 (RLIN) | 23773 |
| 650 ## - SUBJECT ADDED ENTRY--TOPICAL TERM | |
| Topical term or geographic name entry element | Labour environment |
| 9 (RLIN) | 23774 |
| 650 ## - SUBJECT ADDED ENTRY--TOPICAL TERM | |
| Topical term or geographic name entry element | Financial system |
| 9 (RLIN) | 23775 |
| 942 ## - ADDED ENTRY ELEMENTS (KOHA) | |
| Source of classification or shelving scheme | Dewey Decimal Classification |
| Koha item type | Book |
| Edition | 18th |
| Call number prefix | 382.1 CHEF |
| Withdrawn status | Lost status | Damaged status | Not for loan | Collection code | Home library | Current library | Date acquired | Cost, normal purchase price | Total Checkouts | Full call number | Barcode | Date last seen | Date last checked out | Cost, replacement price | Price effective from | Koha item type |
|---|---|---|---|---|---|---|---|---|---|---|---|---|---|---|---|---|
| MBA | St Aloysius Institute of Management & Information Technology | St Aloysius Institute of Management & Information Technology | 03/17/2009 | 375.00 | 1 | 382.1 CHEF | MBA05892 | 05/23/2026 | 05/22/2024 | 281.25 | 07/16/2021 | Book | ||||
| MBA | St Aloysius Institute of Management & Information Technology | St Aloysius Institute of Management & Information Technology | 07/16/2021 | 382.1 CHEF | MBA07938 | 05/23/2026 | 07/16/2021 | Book |